000 00599nam a2200205 i 4500
001 104206
003 ES-MaACL
005 20230906183536.0
007 t|
008 051125s1903 fr ||||1| fre d
100 1 _aMilhaud, Edgard.
_981109
245 1 3 _aLa démocratie socialiste allemande /
_cpar Edgard Milhaud.
260 _aParis :
_bAlian,
_c1903.
300 _aIV, 595 p. ;
_c22 cm.
490 1 _aBibliothèque d'histoire contemporaine
830 0 _aBibliothèque d'histoire contemporaine
_9180875
852 _aES-MaACL
_jG-7547
852 _aES-MaACL
_jF-8933
999 _c104206
_d104206